[Event "AUT-ch U08"]
[Site "Linz"]
[Date "2013.05.31"]
[Round "3"]
[White "Lauda, Alexander"]
[Black "Leisch, Michael"]
[Result "0-1"]
[WhiteElo "800"]
[BlackElo "818"]
[PlyCount "48"]
[EventDate "2013.05.31"]
[EventType "swiss"]
[EventRounds "7"]
[EventCountry "AUT"]
[SourceTitle "EXT 2015"]
[Source "ChessBase"]
[SourceDate "2014.11.20"]
[SourceVersion "1"]
[SourceVersionDate "2014.11.20"]
[SourceQuality "1"]

1. e4 e5 2. Nf3 Nc6 3. Nc3 Nf6 4. Bb5 Bb4 5. d3 d6 6. Bg5 h6 7. Be3 0-0 8. a3 Bc5 9. b4 Bxe3 10. fxe3 Ne7 11. 0-0 Ng6 12. Ng5 hxg5 13. d4 g4 14. Ne2 exd4 15. Qxd4 a6 16. Bd3 d5 17. exd5 Nxd5 18. Bf5 Bxf5 19. Rxf5 Nh4 20. Rh5 Nf4 21. exf4 g6 22. Rd5 Qe7 23. g3 Nf3+ 24. Kh1 Nxd4 0-1